Catálogo
 En Linea

Charivari : (Registro nro. 34601)

Detalles MARC
000 -CABECERA
campo de control de longitud fija 00733nam a2200169 a 4500
001 - NÚMERO DE CONTROL
campo de control 000035110
005 - FECHA Y HORA DE LA ÚLTIMA TRANSACCIÓN
campo de control 20200930074118.0
008 - DATOS DE LONGITUD FIJA--INFORMACIÓN GENERAL
campo de control de longitud fija 111025s1896 sp 000 0 spa d
040 ## - FUENTE DE LA CATALOGACIÓN
Centro catalogador/agencia de origen DO-SdBNP
Lengua de catalogación spa
Centro/agencia transcriptor BNPHU
100 1# - ENTRADA PRINCIPAL--NOMBRE DE PERSONA
Nombre de persona Limendoux, Félix,
Fechas asociadas al nombre [1870-1908]
9 (RLIN) 60780
245 10 - MENCIÓN DE TÍTULO
Título Charivari :
Resto del título revista cómico-lírica-fantástica, dividida en cinco cuadros, en prosa y verso /
Mención de responsabilidad, etc. Limendoux, López Marín ; música Mateo.
260 ## - PUBLICACIÓN, DISTRIBUCIÓN, ETC.
Lugar de publicación, distribución, etc. Madrid :
Nombre del editor, distribuidor, etc. R. Velasco, imp., Marqués de Santa Ana,
Fecha de publicación, distribución, etc. 1896.
300 ## - DESCRIPCIÓN FÍSICA
Extensión 39 p. ;
Dimensiones 20 cm.
500 ## - NOTA GENERAL
Nota general Representa por primera vez en el Teatro Romea la noche del 7 de septiembre de 1896.
700 12 - PUNTO DE ACCESO ADICIONAL--NOMBRE DE PERSONA
Nombre de persona López-Marín, Enrique,
Fechas asociadas al nombre [1868-1918]
9 (RLIN) 60781
700 12 - PUNTO DE ACCESO ADICIONAL--NOMBRE DE PERSONA
Nombre de persona Mateos, Gregorio,
Fechas asociadas al nombre [1859-1910]
Término indicativo de función/relación mús.
9 (RLIN) 60782
Existencias
Estado de retiro Estado de pérdida Restricciones de uso No para préstamo Código de colección Localización permanente Ubicación/localización actual Ubicación en estantería Fecha de adquisición Número de inventario Total de préstamos Signatura topográfica completa Código de barras Fecha visto por última vez Precio válido a partir de Tipo de ítem Koha
      Excluido de préstamo Monografías: Libros y Folletos General General En catalogación 25.10.2011 LF1   35110-10 25.06.2020 25.06.2020 No se presta

Con tecnología Koha